Countries With the Most Atheists - Statistics

General Stats
  • This quiz has been taken 104 times
  • The average score is 17 of 20
Answer Stats
Estimated Atheist Population Country Estimated Atheist Population (%) % Correct
960 Million China 68%
99%
34 Million United States 10%
99%
12 Million United Kingdom 18%
98%
7.1 Million Spain 15%
93%
43 Million India 3%
92%
23 Million Russia 16%
92%
12 Million France 17%
90%
12 Million Germany 15%
90%
37 Million Japan 30%
90%
6.6 Million Mexico 5%
90%
17 Million Brazil 8%
89%
7.2 Million Italy 12%
89%
7.4 Million Canada 19%
88%
3.9 Million Australia 15%
81%
16 Million South Korea 31%
77%
2.8 Million Argentina 6%
73%
18 Million North Korea 71%
68%
4.9 Million Ukraine 13%
66%
15 Million Vietnam 15%
64%
4.9 Million Czechia 47%
54%
No matching quizzes found
Score Distribution
Percent of People with Each Score
Percentile by Number Answered
Your Score History
You have not taken this quiz